000 01152cam a2200205 4500
001 ABS66582
008 030423n2003 000 0 eng u
035 _a(Sirsi) u122068
100 _aRodwell, D.
245 _aSustainability and the holistic approach to the conservation of historic cities
260 _c2003
490 _aJournal of Architectural Conservation
_v9(1) March 2003, 58-73(8)
520 _aSummarises weaknesses in the current philosophy and practice in urban conservation. Sets out the relationship between successful architectural conservation and wider agendas of sustainability and cultural identity. Highlights the communality of approach and practice that needs to be fostered and developed between a complex range of interrelated issues and disciplines and extends to both the perceived relevance of architectural conservation and its level of attainment. [Taken from journal abstract].
590 _aABS
650 _aARCHITECTURAL CONSERVATION
650 _aSustainability
_96271
650 _aHISTORIC CITIES
690 _aBUILT ENVIRONMENT-BUILDING MAINTENANCE AND REFURBISHMENT-BUILDING CONSERVATION
942 _n0
999 _c72532
_d72532